[Event "1st Oakham Young Masters"]
[Site "Oakham ENG"]
[Date "1984.04.08"]
[Round "1.4"]
[White "Klinger, Josef"]
[Black "King, Daniel John"]
[Result "1/2-1/2"]
[WhiteElo "2310"]
[BlackElo "2435"]
[Annotator "Nunn, John"]
[PlyCount "61"]
[EventDate "1984.04.08"]
[EventType "swiss"]
[EventRounds "9"]
[EventCountry "ENG"]
[SourceTitle "BritBase"]
[Source "John Saunders"]
[SourceDate "2023.08.08"]
[SourceVersion "1"]
[SourceVersionDate "2023.08.08"]
[SourceQuality "1"]

1. e4 c5 2. Nf3 Nc6 3. d4 cxd4 4. Nxd4 Nf6 5. Nc3 e5 6. Ndb5 d6 7. Bg5 a6 8.
Na3 b5 9. Bxf6 gxf6 10. Nd5 f5 11. Bxb5 axb5 12. Nxb5 Ra4 ({The most highly
regarded of the many Black options at this point, although} 12... Qg5 {has
never been refuted.}) 13. c4 ({Unusual.} 13. Nbc7+ Kd7 14. O-O {has been more
commonly played, but is under a cloud at the moment because of the line} Qg5
15. c4 Rg8 16. g3 Ra7 $1 17. Nb5 Rb7 18. f4 Qh4 19. Qf3 Rxb5 20. cxb5 Nd4 {
and in the complications which arise Black’s play against White's king gives
him the advan­tage. In view of the to-and-fro motion of White’s knight
between c7 and b5 in this line, Klinger aims to save time by cutting out the
check at c7.}) 13... Qa5+ ({This is the problem.} 13... Rxc4 14. O-O {falls in
with White's plan by opening the c-file.}) 14. b4 Rxb4 (14... Nxb4 15. Nf6+ Kd8
16. O-O Qa6 {(to defend a4 and d6)} 17. Ne8 $1 (17. a3 Be7 {and}) (17. Qh5 Be6
{give Black a good game}) 17... Bd7 18. Nexd6 {is good for White after} Bxb5 ({
or} 18... Bxd6 19. Nxd6 Ke7 20. Nxf7) 19. cxb5) 15. O-O Rxb5 (15... Rxc4 {
leaves White with a choice of favourable lines, for example} 16. Nf6+ ({or} 16.
Qd3 {, suggested by Szilagyi}) ({or simply} 16. Rc1 Rxc1 17. Qxc1 Bd7 (17...
Bb7 18. Qg5 Be7 19. Nxe7 Qxb5 20. Nxf5 {is worse}) 18. Qg5 Be7 19. Nxe7 Qxb5
20. Nd5 Qa5 21. Qg7 Rf8 22. Nf6+ Ke7 23. Nxd7 {with a clear plus for White.})
16... Kd8 17. Nxd6 Rd4 18. Nxf7+ Ke7 19. Qh5 Kxf6 20. Nxh8) 16. cxb5 Nd4 17.
Qh5 Bb7 $5 (17... Be6 18. Nf6+ Kd8 19. b6 $1 Qxb6 20. Rfb1 Qa7 21. Rb2 fxe4 22.
Rab1 {was good for White in the correspondence game Szilagyi v Sergyan, 1980,})
({but the best move may well be} 17... Bg7 {. After} 18. Qg5 (18. Rfc1 Bb7 19.
Qg5 O-O {defends since} 20. exf5 {may be met by} Ne2+) 18... O-O 19. Ne7+ Kh8
20. exf5 f6 21. Qh5 Rd8 {the most likely outcome is per­petual check by
Ng6-e7.}) 18. Nf6+ Ke7 {[#]} 19. Qg5 $2 ({White has two other moves: (1)} 19.
Qh4 Ke6 $5 (19... Kd8 {is a likely draw by} 20. Nd5+ Ke8 21. Nf6+) 20. Nh5 (20.
f4 Ne2+ 21. Kh1 Nxf4 22. exf5+ Kxf5 {looks danger­ous, but in fact White
cannot continue his attack}) 20... Be7 21. exf5+ Kd7 22. Qg4 f6 {with a slight
plus for Black.}) ({(2)} 19. Nxh7 $1 {(threat 20 Qh4+ fol­lowed by Nf6+,
winning the rook)} Rxh7 (19... f6 20. Qg6) 20. Qxh7 Bxe4 21. a4 {and the
passed pawns will become dangerous. Black has counterplay against White’s
king, but probably not enough.}) 19... h6 20. Qh4 fxe4 $2 (20... Qd2 $1 {
(threat 21...Qg5) was very promising, e.g.} 21. f4 Ne2+ 22. Kh1 Nxf4 23. Rf2
Qd4 ({or even} 23... Ng6 $5)) 21. Rfc1 $1 ({After} 21. Nxe4+ {Black could draw
by 21...Ke8, or embark on a winning attempt by} Kd7 22. Qf6 Bxe4 23. Qxh8 Ne2+
24. Kh1 Nf4 {, so that if} 25. Qxf8 Bxg2+ 26. Kg1 Bd5 {and Black has a
decisive attack.}) 21... Ne2+ 22. Kh1 Nxc1 23. Rxc1 Ke6 ({The threat was e.g.} 
23... e3 24. Rc7+ Qxc7 25. Nd5+ Kd7 26. Nxc7 Kxc7 27. Qf6 Rh7 28. b6+ $1 {
and Black’s king cannot avoid a deadly fork next move.}) 24. Nh5 (24. Ne8 Kd7
$1 {forces White to repeat.}) 24... Qd2 $1 ({Not} 24... Be7 25. Qg4+ f5 26.
Ng7+) 25. Qg4+ f5 26. Qg6+ Ke7 (26... Kd7 27. Nf6+ {wins.}) 27. Qf6+ Ke8 28.
Qg6+ ({The winning attempt} 28. Qe6+ Kd8 29. Qc4 {fails to} Rh7 $1) 28... Kd8
29. Qf6+ Ke8 30. Qg6+ Kd8 31. Qf6+ {Sources: bulletin; John Nunn, BCM, June
1984, p235} 1/2-1/2